| 000 | 00635nam a2200205 u 4500 | ||
|---|---|---|---|
| 005 | 20210223132618.0 | ||
| 008 | 150508s1997 r 000 0 eng d | ||
| 020 | _a1887734376 | ||
| 035 | _aUPN01000203295 | ||
| 049 | _aI | ||
| 050 | 4 |
_aHV888 _bD9.6 |
|
| 100 | 1 |
_aDwight, Laura _937239 |
|
| 245 | 1 | 1 |
_a¡Nosotros sí podemos hacerlo! / _cLaura Dwight ; tr. María A. Fiol. |
| 260 |
_aNew York : _bStar Bright Books, _c1997. |
||
| 300 |
_a[36] p. : _bprincipalmente il . col. |
||
| 650 | 4 |
_aNIÑOS CON DISCAPACIDAD - _vLITERATURA INFANTIL _921632 |
|
| 650 | 4 | _aPERSONAS CON DISCAPACIDAD | |
| 905 | _aInfantil | ||
| 999 |
_c175396 _d175396 |
||